Queer Pop Culture Icons - Statistics

General Stats
  • This quiz has been taken 752 times
  • The average score is 11 of 16
Answer Stats
Picture Answer % Correct
Freddie Mercury
98%
Lady Gaga
96%
David Bowie
94%
Cher
93%
Prince
90%
Elton John
86%
RuPaul Charles
85%
Madonna
78%
George Michael
70%
Janet Jackson
63%
Judy Garland
57%
Liza Minnelli
52%
Barbra Streisand
51%
Boy George
49%
Kate Bush
47%
Olly Alexander
23%
No matching quizzes found
Score Distribution
Percent of People with Each Score
Percentile by Number Answered
Your Score History
You have not taken this quiz